LIBRARY & INFORMATION CENTRE, KCAET, TAVANUR

ONLINE PUBLIC ACCESS CATALOGUE (OPAC)

Elementary practical hydraulics of flow in pipes : Atext and reference book for engineers and draughtsmen / (Record no. 1776)

MARC details
000 -LEADER
fixed length control field 00531cam a2200181ua 4500
041 ## - LANGUAGE CODE
Language code of text/sound track or separate title eng
082 ## - DEWEY DECIMAL CLASSIFICATION NUMBER
Classification number 532.051
Item number DON/EL
100 ## - MAIN ENTRY--AUTHOR NAME
Personal name Donkin, C.T.B .
245 ## - TITLE STATEMENT
Title Elementary practical hydraulics of flow in pipes : Atext and reference book for engineers and draughtsmen /
250 ## - EDITION STATEMENT
Edition statement 1 /
260 ## - PUBLICATION, DISTRIBUTION, ETC. (IMPRINT)
Place of publication New York :
Name of publisher Oxford University Press ,
Year of publication 1959.
300 ## - PHYSICAL DESCRIPTION
Number of Pages 213 :
Other physical details ` ; .
942 ## - ADDED ENTRY ELEMENTS (KOHA)
Koha item type Books
Holdings
Withdrawn status Lost status Damaged status Home library Current library Date acquired Full call number Accession Number Koha item type
Withdrawn     KAUAET KAUAET 07/04/2012 532.051 DON/EL 3463 Books
free website counter